Catálogo

EL ROBINSON SUIZO (Registro nro. 18915)

Detalles MARC
000 -LEADER
fixed length control field 00407nam a2200169 a 4500
001 - CONTROL NUMBER
control field 18915
005 - DATE AND TIME OF LATEST TRANSACTION
control field 20180713212301.0
008 - FIXED-LENGTH DATA ELEMENTS--GENERAL INFORMATION
fixed length control field 140415s1944 000 0 spa d
041 ## - LANGUAGE CODE
Language code of text/sound track or separate title spa
082 ## - DEWEY DECIMAL CLASSIFICATION NUMBER
Classification number 833
Item number WYS
100 1# - MAIN ENTRY--PERSONAL NAME
Personal name WYSS, J. R.
245 13 - TITLE STATEMENT
Title EL ROBINSON SUIZO
260 ## - PUBLICATION, DISTRIBUTION, ETC.
Place of publication, distribution, etc. [s.l.] :
Name of publisher, distributor, etc. ESPASA-CALPE,
Date of publication, distribution, etc. 1944
300 ## - PHYSICAL DESCRIPTION
Extent 234
490 ## - SERIES STATEMENT
Series statement AUSTRAL
Volume/sequential designation 437
650 14 - SUBJECT ADDED ENTRY--TOPICAL TERM
Topical term or geographic name entry element NOVELA SUIZA
Existencias
Withdrawn status Lost status Source of classification or shelving scheme Damaged status Not for loan Collection code Home library Current library Shelving location Date acquired Source of acquisition Inventory number Total Checkouts Full call number Barcode Price effective from Koha item type
    Dewey Decimal Classification     General Biblioteca Karol Wojtyla Biblioteca Karol Wojtyla Sala general 03/12/2013 Compra 151000000000000000032923   833 WYS 38350 03/12/2013 Libro